000 01204cam a22003617a 4500
003 CHAP
005 20220817041736.0
008 971013s1978 r 00010 d
010 _a23119
011 _a24091
035 _a28190
040 _cCHAP
090 _aFolleto 6210
110 _aFAO. Comisión del Codex Alimentarius
_939482
245 0 _aNorma internacional recomendada para langostas; bogavantes y escilaros congelados rápidamente
260 _aRoma :
_bFAO,
_c1978
300 _a15 p.
410 2 _aFAO
490 0 _aPrograma conjunto FAO/OMS sobre normas alimentarias
590 _aBATCH-UPD
_b10
_c20130110
_lUCH01
_h1306
590 _aBATCH-UPD
_b10
_c20130410
_lUCH01
_h0822
590 _aBATCH-UPD
_b10
_c20130914
_lUCH01
_h1342
590 _aCONVERSION
_b10
_c20130109
_lUCH01
_h1314
650 1 4 _aAlimentos enlatados
_xNormas de calidad.
_94311
650 1 4 _aProductos pesqueros
_xNormas de calidad.
_992213
710 0 _aFAO.
710 0 _aOrganización Mundial de la Salud.
_983555
810 0 _aFAO
830 0 _aPrograma conjunto FAO/OMS sobre normas alimentarias
_992254
901 _aBK
942 _cFOLL
949 _aFolleto 6210
_bBC
_cFAO
_d-64990
_eFAO1
_i28190
_mD
_si
999 _c23119
_d23119